FIFA World Cup Winners Starting XI - Statistics

General Stats
  • This quiz has been taken 9,324 times
    8,082 since last reset
  • The average score is 64 of 231
Answer Stats
Player % Correct
Lionel Messi
97%
Emiliano Martínez
94%
Kylian Mbappé
90%
Hugo Lloris
89%
Ángel Di María
88%
Manuel Neuer
87%
Xavi
87%
Andrés Iniesta
84%
Iker Casillas
84%
Olivier Giroud
84%
Gerd Müller
83%
Thomas Müller
83%
Antoine Griezmann
82%
Gianluigi Buffon
82%
Ronaldo
82%
Paul Pogba
81%
David Villa
79%
Julián Álvarez
78%
N'Golo Kanté
78%
Sergio Ramos
78%
Mauro Ramos
77%
Miroslav Klose
77%
Carles Puyol
76%
Gerard Piqué
76%
Philipp Lahm
76%
Ronaldinho
76%
Raphaël Varane
74%
Benjamin Pavard
73%
Zinedine Zidane
73%
Fabio Cannavaro
72%
Nicolás Otamendi
72%
Sergio Busquets
72%
Lucas Hernandez
71%
Pelé
71%
Alexis Mac Allister
69%
Enzo Fernández
69%
Jérôme Boateng
69%
Samuel Umtiti
68%
Andrea Pirlo
67%
Mats Hummels
67%
Rivaldo
67%
Diego Maradona
66%
Rodrigo De Paul
66%
Toni Kroos
66%
Roberto Carlos
65%
Bastian Schweinsteiger
64%
Cristian Romero
64%
Cafu
63%
Xabi Alonso
63%
Mesut Özil
60%
Lorenzo Fernández
58%
Blaise Matuidi
56%
Francesco Totti
56%
Pedro
56%
Nahuel Molina
54%
Nicolás Tagliafico
52%
Fabien Barthez
50%
Marco Materazzi
50%
Gennaro Gattuso
49%
Romário
49%
Garrincha
47%
Franz Beckenbauer
46%
Gilberto Silva
46%
Lilian Thuram
46%
Lúcio
44%
Bobby Charlton
43%
Didier Deschamps
43%
Marcel Desailly
43%
Mauro Silva
43%
Jack Charlton
42%
Joan Capdevila
42%
Emmanuel Petit
41%
Lothar Matthäus
41%
Gianluca Zambrotta
40%
Benedikt Höwedes
39%
Luca Toni
39%
Bobby Moore
37%
Fabio Grosso
37%
Paolo Rossi
37%
Carlos Alberto
33%
Bixente Lizarazu
30%
Jairzinho
29%
Mario Kempes
28%
Christoph Kramer
27%
Dino Zoff
27%
Karl Mai
27%
Luis Monti
27%
Rudi Völler
27%
Cláudio Taffarel
26%
Jürgen Klinsmann
26%
Bebeto
25%
Dunga
25%
Gordon Banks
24%
Mauro Camoranesi
24%
Youri Djorkaeff
23%
Andreas Brehme
22%
Geoff Hurst
19%
Daniel Passarella
17%
Giuseppe Meazza
17%
Marcos
17%
Sepp Maier
17%
Stéphane Guivarc'h
17%
Didi
16%
Edmílson
16%
Alan Ball
15%
Christian Karembeu
15%
Djalma Santos
15%
Frank Leboeuf
15%
Marcio Santos
15%
Nílton Santos
15%
Simone Perrotta
15%
Vavá
15%
Kléberson
14%
Rivellino
14%
Roque Júnior
14%
Paul Breitner
13%
Jorge Burruchaga
11%
Jorge Valdano
11%
Jürgen Kohler
11%
Aldair
10%
Bodo Illgner
10%
Helmut Rahn
10%
Marco Tardelli
10%
Tostão
10%
Branco
9%
Fritz Walter
9%
Gérson
9%
José Luis Brown
9%
Mário Zagallo
9%
Ottmar Walter
9%
Uli Hoeneß
9%
Berti Vogts
8%
Gaetano Scirea
8%
Mazinho
8%
Nobby Stiles
8%
Roger Hunt
8%
Zinho
8%
Gilmar
7%
Giuseppe Bergomi
7%
Jorginho
7%
Klaus Augenthaler
7%
Pierre Littbarski
7%
Thomas Häßler
7%
Antonio Cabrini
6%
Bruno Conti
6%
Claudio Gentile
6%
Félix
6%
Guido Buchwald
6%
Hans-Georg Schwarzenbeck
6%
Juan Alberto Schiaffino
6%
Martin Peters
6%
Nery Pumpido
6%
Oscar Ruggeri
6%
Ubaldo Fillol
6%
Alcides Ghiggia
5%
Clodoaldo
5%
George Cohen
5%
Osvaldo Ardiles
5%
Silvio Piola
5%
Thomas Berthold
5%
Wolfgang Overath
5%
Zito
5%
Amarildo
4%
Bernd Hölzenbein
4%
Brito
4%
Everaldo
4%
Francesco Graziani
4%
Fulvio Collovati
4%
Giovanni Ferrari
4%
Héctor Enrique
4%
Hideraldo Bellini
4%
José Andrade
4%
Julio Olarticoechea
4%
Julio Pérez
4%
Jürgen Grabowski
4%
Leopoldo Luque
4%
Matías González
4%
Max Morlock
4%
Obdulio Varela
4%
Pedro Cea
4%
Piazza
4%
Rainer Bonhof
4%
Ray Wilson
4%
Sergio Batista
4%
Toni Turek
4%
Víctor Rodríguez Andrade
4%
Alberto Tarantini
3%
Daniel Bertoni
3%
Gabriele Oriali
3%
Hans Schäfer
3%
Héctor Castro
3%
Horst Eckel
3%
José Luis Cuciuffo
3%
José Nasazzi
3%
Orlando
3%
Ricardo Giusti
3%
Alberto Ortiz
2%
Américo Gallego
2%
Angelo Schiavio
2%
Attilio Ferraris
2%
Gianpiero Combi
2%
Héctor Scarone
2%
Jorge Olguín
2%
Josef Posipal
2%
Luis Galván
2%
Óscar Míguez
2%
Raimundo Orsi
2%
Werner Kohlmeyer
2%
Werner Liebrich
2%
Zózimo
2%
Aldo Olivieri
1%
Alfredo Foni
1%
Enrique Ballestrero
1%
Enrique Guaita
1%
Eraldo Monzeglio
1%
Ernesto Mascheroni
1%
Gino Colaussi
1%
Luigi Allemandi
1%
Luigi Bertolini
1%
Michele Andreolo
1%
Pablo Dorado
1%
Pietro Rava
1%
Roque Máspoli
1%
Rubén Morán
1%
Santos Iriarte
1%
Schubert Gambetta
1%
Ugo Locatelli
1%
Álvaro Gestido
0%
Amedeo Biavati
0%
Eusebio Tejera
0%
Pietro Serantoni
0%
No matching quizzes found
Score Distribution
Percent of People with Each Score
Percentile by Number Answered
Your Score History
You have not taken this quiz since the last reset